Aspectos metodológicos del proceso de investigación
Uloženo v:
| Hlavní autor: | |
|---|---|
| Médium: | Kniha |
| Jazyk: | španělština |
| Vydáno: |
Antofagasta
Universidad de Antofagasta
1998
|
| Témata: | |
| Tagy: |
Přidat tag
Žádné tagy, Buďte první, kdo vytvoří štítek k tomuto záznamu!
|
MARC
| LEADER | 00000cam a2200000 a 4500 | ||
|---|---|---|---|
| 001 | UCG9246 | ||
| 003 | CL-VaPUC | ||
| 008 | 120302e19980000CL |||||||||||||||||spa|d | ||
| 082 | 0 | 4 | |a 001.42 |b QUA |2 21 |
| 100 | |a Quaas Fermandois, Cecilia |e autora |9 757761 | ||
| 245 | 1 | 0 | |a Aspectos metodológicos del proceso de investigación |
| 300 | |a 45 p | ||
| 942 | |c BK | ||
| 945 | |d 20120302 00:00:00 |a dcastane | ||
| 260 | |a Antofagasta |b Universidad de Antofagasta |c 1998 | ||
| 650 | 0 | |a Investigación científica |9 259857 | |
| 650 | 0 | |a Métodos de investigación |9 262618 | |
| 583 | |a last modification |c 20120302 10:37:00 |k Rodrigo Vera | ||
| 999 | |c 346810 |d 346808 | ||
| 952 | |0 0 |1 0 |4 0 |6 001_420000000000000_QUA_1998 |7 0 |8 A |9 447635 |a BIBEDU |b BIBEDU |d 2019-11-22 |i 4839390 |o 001.42 QUA 1998 |p 4839390 |r 2019-11-22 |w 2019-11-22 |y BK |k EPE | ||
| 952 | |0 0 |1 0 |4 0 |6 001_420000000000000_QUA_1998 |7 0 |8 A |9 447636 |a BIBEDU |b BIBEDU |d 2019-11-22 |i 4839404 |o 001.42 QUA 1998 |p 4839404 |r 2019-11-22 |w 2019-11-22 |y BK |k EPE | ||